| 000 | 003610000a22001330004500 | ||
|---|---|---|---|
| 090 |
_aAS _bSeriadas |
||
| 245 | 1 | 0 | _aGéneros de Gesneriaceas de Colombia |
| 041 | 0 | _aEspañol | |
| 700 | 1 |
_aSkog, Laurence E. _917992 |
|
| 700 | 1 |
_aAmaya Márquez, Marisol _97572 |
|
| 100 | 1 |
_aKvist, Lars P. _917996 |
|
| 942 | _cARTICULO | ||
| 773 | 1 |
_tCaldasia _345 _h1 _q12-28 _d1998 _g20 |
|
| 999 |
_c14651 _d14651 |
||